000 00297nam a22001337a 4500
008 170922b xxu||||| |||| 00| 0 eng d
020 _a0828318832
041 _aeng
080 _a37
100 _a46
101 _aEDU
245 _aTHE HEBREW VOWELS AND CONSONANTS
_cETTISCH,E
942 _2udc
_cBK
999 _c29106
_d29106